00398nam a2200133Ia 4500008004100000020001500041041001200056100003100068245008300099260003900182300000800221650001500229700002000244221030s9999 xx 000 0 und d a8177589764 aEnglish aC. S. G. Krishnamacharyulu 0aRural Marketing : Text & Casescby C. S. G. Krishnamacharyulu, L. Ramakrishnan bPearson EducationaNew Delhic2009 a397 aManagement aL. Ramakrishnan